|
|
|
|
| LEADER |
00000nab a2200000uu 4500 |
| 001 |
vtls011531959 |
| 003 |
SK-MaSNL |
| 005 |
20260303180750.0 |
| 008 |
230629|2013 xo |||||||||||||||||slo| |
| 015 |
|
|
|a SNBRB
|
| 035 |
|
|
|a (urnnbn)urn:nbn:sk:snk:ar-a0aa7i
|
| 035 |
|
|
|a (uuid)8b27f5ab-71e5-4881-b1ce-70d4a263e89f
|
| 035 |
|
|
|a urn:nbn:sk:snk-abehri
|
| 040 |
|
|
|a SNKBUCL
|b slo
|c SNKBUCL
|e AACR2
|
| 041 |
0 |
|
|a slo
|
| 044 |
|
|
|a xo
|c SK
|
| 100 |
1 |
|
|a Dragulová, Zuzana,
|d 1967-
|4 aut
|9 108931
|
| 245 |
1 |
0 |
|a František Švantner: Život a dielo
|c Zuzana Dragulová
|
| 500 |
|
|
|a recenzované dielo editovala Jana Kuzmíková
|
| 600 |
1 |
7 |
|a Švantner, František,
|d 1912-1950
|2 SNKMA
|9 107863
|
| 650 |
0 |
7 |
|a zborník
|2 SNKPH
|9 1081148
|
| 655 |
|
7 |
|a recenzie
|2 SNKPH
|9 21907
|
| 773 |
0 |
|
|t Slovenské pohľady
|g Roč. 129, č. 7-8 (2013), s. 280-282
|
| 787 |
0 |
8 |
|i Rec.:
|t František Švantner: Život a dielo
|d Bratislava : Ústav Slovenskej literatúry Slovenskej akadémie vied, 2012
|
| 852 |
|
|
|a Slovenská národná knižnica
|
| 954 |
|
|
|a odborná, vedecká literatúra pôvodná (slovenská)
|2 lita
|
| 958 |
|
|
|a OND
|
| 958 |
|
|
|a EUIPO
|
| 958 |
|
|
|a article21
|
| 999 |
|
|
|c 2107621
|d 2109551
|